000
00278nam a22001097a 4500
008
140410b xxu||||| |||| 00| 0 eng d
020
_a
818147189X
082
_a
004.22
245
_a
PARALLEL COMPUTER ARCHITECTURE
_c
CULLER,DAVID E.
260
_a
USA
_b
MORGAN KAUFMANN
_c
1999
942
_c
BK
999
_c
23144
_d
23144